1541 1514 1540 1137 1675 1083 1753 1308 1415 1435 1328 1958 1686 1014 1116 1623 1505 1367 1784 1054 1554 1187 1368 1173 1385 1756 1531 1511 1585 1407 1497 1358 1167 1047 1229 1408 1240 1090 1090 1392 1874 1188 1862 1622 1224 1147 1060 1724 1231 1177 1873 1244 1180 1722 1600 1746 1261 1878 1633 1568 1530 1579 1220 1817 1073 1912 1579 1059 1492 1029 1894 1564 1710 1277 1943 1200 1560 1062 1082 1231 1873 1101 1300 1210 1942 1883 1014 1991 1889 1067 1112 1303 1047 1452 1244 1286 1827 1568 1548 BCNSPRNW ULIB Ver.6.0+V

เปลี่ยนเป็นภาษาไทย

Change to English
 แสดงรายละเอียดบรรณานุกรม
  กลับหน้าหลัก

Brief Record : Get Marc (ISO 2709) : E-mail record : QR code < ปิดหน้าต่าง
LEADER : 00000nam 2200000uu 4500
001    13399113212
003     ULIB
008    111003s2553||||th 000 0 tha d
020    9786117033155
041 1  tha^heng
050 04 QB^bค796ว 2553
100 1  เคอร์รอด, โรบิน
245 10 วิถีความเป็นไปแห่งเอกภพ = The way the universe works /^cโดยโรบิน เคอรอด และ ไจลส์ สแปรโรว์ ; [สุทัศน์ ยกส้าน, แปล]
250    พิมพ์ครั้งที่ 2
260    กรุงเทพฯ :^bปาเจรา,^c2553
300    160 หน้า :^bภาพประกอบสี ;^c29 ซม
505 2  ดูเอกภพ -- ระบบสุริยะ -- ดาวเคราะห์ -- ดาวฤกษ์ -- กาแล็กซี -- เอกภพที่ลึกลับ
650  7 ดาราศาสตร์
650  7 จักรวาล
650  7 ดาราศาสตร์^xการทดลอง
700 1  สแปรโรว์, ไจลส์
700 0  สุทัศน์ ยกส้าน
700 12 Kerrod, Robin.^tThe way the universe works
700 12 Sparrow, Giles.^tThe way the universe works
945    ^p565^l0^i028876
995    ทศพร
999 ^a ทศพร
รายการนี้ยังไม่มีแท็ก
คุณยังไม่ได้ล็อกอิน คุณสามารถมีกิจกรรมร่วมกับเว็บไซต์ได้ แต่ต้องล็อกอินก่อน ::
  ล็อกอิน

รายการสื่อสารสนเทศ

ลำดับที่ ประเภท เลขเรียก/บาร์โค้ด สถานที่ สถานะ
- ไม่พบข้อมูล -

รายการใกล้เคียง
    หัวเรื่อง [ดาราศาสตร์]
    หัวเรื่อง [จักรวาล]

BibComment


ยังไม่เคยถูกคอมเมนท์

คอมเมนท์ทรัพยากรรายการนี้
  คอมเมนท์: วิถีความเป็นไปแห่..


 Copyright 2026. Bcnsprnw @Library